Library Logo

Pioneer International University Library Catalogue

NJAGA NYANI WA MJINI (Record no. 9428)

MARC details
000 -LEADER
fixed length control field 00238nam a22000977a 4500
005 - DATE AND TIME OF LATEST TRANSACTION
control field 20250901165812.0
008 - FIXED-LENGTH DATA ELEMENTS--GENERAL INFORMATION
fixed length control field 250327b |||||||| |||| 00| 0 eng d
050 ## - LIBRARY OF CONGRESS CALL NUMBER
Classification number PL 8704.M35 2004
245 ## - TITLE STATEMENT
Title NJAGA NYANI WA MJINI
Statement of responsibility, etc. MAKUMI JOEL
942 ## - ADDED ENTRY ELEMENTS (KOHA)
Source of classification or shelving scheme Library of Congress Classification
Holdings
Withdrawn status Lost status Source of classification or shelving scheme Damaged status Not for loan Collection Home library Current library Shelving location Date acquired Source of acquisition Total checkouts Full call number Barcode Date last seen Copy number Price effective from Koha item type
    Library of Congress Classification       Main Library Main Library   03/21/2025 Donation from KICD   PL 8704.M35 2004 PIUD0000460 03/27/2025 1 03/27/2025 Books
    Library of Congress Classification       Main Library Main Library   03/21/2025 Donation from KICD   PL 8704.M35 2004 PIUD0000461 03/27/2025 1 03/27/2025 Books